|
|
|
|
| LEADER |
00000naa0a2200000 4500 |
| 001 |
651382 |
| 005 |
20250827160932.0 |
| 035 |
|
|
|a (RuTPU)RU\TPU\network\16631
|
| 035 |
|
|
|a RU\TPU\network\16630
|
| 090 |
|
|
|a 651382
|
| 100 |
|
|
|a 20161110d2014 k||y0rusy50 ca
|
| 101 |
0 |
|
|a rus
|
| 102 |
|
|
|a RU
|
| 135 |
|
|
|a drcn ---uucaa
|
| 181 |
|
0 |
|a i
|
| 182 |
|
0 |
|a b
|
| 200 |
1 |
|
|a Парадоксы геологии юго-востока Западной Сибири
|f В. Н. Ростовцев, В. В. Ростовцев
|
| 203 |
|
|
|a Текст
|c электронный
|
| 225 |
1 |
|
|a Геология нефти и газа
|
| 300 |
|
|
|a Заглавие с экрана
|
| 461 |
|
|
|t Геология, геофизика и минеральное сырье Сибири
|o материалы I Научно-практической конференции, Новосибирск, 29-31 января 2014 г.
|f Министерство природных ресурсов и экологии Российской Федерации ; Федеральное агентство по недропользованию ; Сибирский научно-исследовательский институт геологии, геофизики и минерального сырья (СНИИГГиМС) ; под ред. С. П. Зайцев
|d 2014
|
| 463 |
|
|
|t Т. 2
|v [С. 163-167]
|d 2014
|
| 610 |
1 |
|
|a электронный ресурс
|
| 610 |
1 |
|
|a труды учёных ТПУ
|
| 610 |
1 |
|
|a Западная Сибирь
|
| 610 |
1 |
|
|a Томская область
|
| 610 |
1 |
|
|a нефтегазодобыча
|
| 610 |
1 |
|
|a месторождения
|
| 610 |
1 |
|
|a геология
|
| 700 |
|
1 |
|a Ростовцев
|b В. Н.
|c геолог
|c доцент Томского политехнического университета, кандидат геолого-минералогических наук
|f 1941-
|g Валерий Николаевич
|3 (RuTPU)RU\TPU\pers\30322
|
| 701 |
|
1 |
|a Ростовцев
|b В. В.
|c геофизик
|c доцент Томского политехнического университета, кандидат геолого-минералогических наук
|f 1982-
|g Виталий Валерьевич
|3 (RuTPU)RU\TPU\pers\29926
|9 14398
|
| 712 |
0 |
2 |
|a Национальный исследовательский Томский политехнический университет (ТПУ)
|b Институт природных ресурсов (ИПР)
|b Кафедра геофизики (ГЕОФ)
|3 (RuTPU)RU\TPU\col\18667
|
| 801 |
|
2 |
|a RU
|b 63413507
|c 20161110
|g RCR
|
| 856 |
4 |
|
|u http://www.sniiggims.ru/SitePages/advert/conference/01/volume_01_2.pdf#page=163
|
| 942 |
|
|
|c CF
|